L'amante Fedele

Պահպանված է:
Մատենագիտական մանրամասներ
Հիմնական հեղինակ: Massimo Bomtempelli
Ձևաչափ: Գիրք
Լեզու:Undetermined
Հրապարակվել է: Arnoldi Mondatori
Ցուցիչներ: Ավելացրեք ցուցիչ
Չկան պիտակներ, Եղեք առաջինը, ով նշում է այս գրառումը!

MARC

LEADER 00000nam a2200000Ia 4500
001 R-547
003 CODICE-MESSINA
005 20260212102453.0
008 260211s9999 xx 000 0 und d
040 |c importazione_messina 
100 |a Massimo Bomtempelli 
245 0 |a L'amante Fedele 
260 |b Arnoldi Mondatori 
942 |2 ddc  |c BK 
952 |0 0  |1 0  |2 ddc  |4 0  |6 SCAFFALE_5_000000000000000__ROMANZI  |7 0  |9 31367  |a ME  |b ME  |d 2026-02-11  |l 0  |o SCAFFALE 5 - ROMANZI  |p R-547  |r 2026-02-11 23:52:30  |w 2026-02-11  |x [REVISIONARE]  |y BK 
999 |c 27032  |d 27032